20 Movie Mistakes Quiz Stats

 Plays Quiz Updated Feb 5, 2016

Challenge
Share
Tweet
Score 0/20 Timer 06:00
0 Plays Today
% Correct
Star Wars
99.2%
Raiders of the Lost Ark
96.6%
Frozen
95.8%
Pirates of the Caribbean: The Curse of the Black Pearl
95.6%
The Wizard of Oz
90.3%
Pulp Fiction
85.9%
Aladdin
80%
Alien
76.8%
The Lord of the Rings: The Return of the King
66.2%
American Pie
64.2%
% Correct
Groundhog Day
62.3%
It's a Wonderful Life
59%
Harry Potter and the Order of the Phoenix
53.6%
Back to the Future
51.8%
Full Metal Jacket
51.1%
The Shawshank Redemption
48.4%
Mad Max: Fury Road
42.7%
Titanic
36.7%
Spirited Away
34%
Jurassic World
29.2%

You're not logged in!

Compare scores with friends on all Sporcle quizzes.
Join for Free
OR
Log In

You Might Also Like...

Show Comments

Extras

Top Quizzes Today


Score Distribution

Your Account Isn't Verified!

In order to create a playlist on Sporcle, you need to verify the email address you used during registration. Go to your Sporcle Settings to finish the process.

Report this User

Report this user for behavior that violates our Community Guidelines.

Details: